Intergrated Marketing Communication in Risk and Crisis Contexts: A Culture-Centered Approach. (Record no. 3206)

MARC details
005 - DATE AND TIME OF LATEST TRANSACTION
control field 20250605110732.0
020 ## - INTERNATIONAL STANDARD BOOK NUMBER
International Standard Book Number 9 781793618771
100 ## - MAIN ENTRY--PERSONAL NAME
Author name LITTLEFIELD, S. R.
245 ## - TITLE STATEMENT
Title Intergrated Marketing Communication in Risk and Crisis Contexts: A Culture-Centered Approach.
260 ## - PUBLICATION, DISTRIBUTION, ETC.
Place of publication, distribution, etc. London,
Name of publisher, distributor, etc. Lexingtin Books
Date of publication, distribution, etc. 2021.
300 ## - PHYSICAL DESCRIPTION
Extent ix, 199p.; ill.; pictures.; tables
Other physical details References.; Indexes.
Dimensions 23cm.
700 ## - ADDED ENTRY--PERSONAL NAME
Other authors/Editors SELLNOW, D. D. & SELLNOW, L. T.
942 ## - ADDED ENTRY ELEMENTS (KOHA)
Source of classification or shelving scheme Dewey Decimal Classification
Koha item type Books
Holdings
Date last seen Total checkouts Full call number Barcode Cost, replacement price Price effective from Koha item type Lost status Source of classification or shelving scheme Damaged status Not for loan Withdrawn status Home library Current library Shelving location Date acquired Cost, normal purchase price
06/05/2025   659.1 LIT DOM0066 775656.00 06/05/2025 Books   Dewey Decimal Classification       CBE Dodoma CBE Dodoma Special Reserve Collection 03/12/2025 258552.00